Statistics for World's Most Valuable Cash Crops

Click here to take the quiz!

General Stats

  • This quiz has been taken 65 times
  • The average score is 13 of 25

Answer Stats

Main CountryValue (USD, Billions)Answer% Correct
China$168Wheat
94%
China$191Maize
92%
China$332Rice
89%
China$45.9Apples
86%
China$92.7Potatoes
86%
India$22.6Oranges
81%
France$67.8Grapes
71%
India$38.5Bananas
70%
China$87.9Tomatoes
68%
Russia$22.9Barley
65%
Brazil$87.3Sugarcane
60%
China$42.1Onions
57%
United States$107Soybean
56%
China$33.9Watermelons
44%
China$39.3Garlic
43%
India$30Mangoes
43%
China$26.3Peppers
43%
China$26.1Sweet Potatoes
40%
China$40.2Cucumbers
33%
Indonesia$35.7Oil Palm
30%
Indonesia$34.3Cassava
29%
China$31.7Rapeseed
16%
China$26.9Groundnuts
2%
China$50.5Cotton Lint
0%
China$56.7Seed Cotton
0%

Score Distribution

Percentile by Number Answered

Percent of People with Each Score

Your Score History

You have not taken this quiz